Statystyki dla flagi państw europy

Kliknij tutaj aby rozwiązać quiz!

Ogólne statystyki

  • Ten quiz został rozwiązany 233 razy
  • Średni wynik to 9 z 10

Statystyki odpowiedzi

Odpowiedź% Poprawnych
niemcy
100%
francja
98%
szwecja
98%
wielka brytania
98%
szwajcaria
95%
finlandia
94%
litwa
90%
monako
87%
serbia
87%
san marino
85%

Rozkład punktacji

Percentyl według liczby udzielonych odpowiedzi

Procent ludzi z każdym wynikiem

Twoja historia wyników

Nie rozwiązałeś tego quizu